<?xml version="1.0" encoding="UTF-8"?>
<record
    xmlns:xsi="http://www.w3.org/2001/XMLSchema-instance"
    xsi:schemaLocation="http://www.loc.gov/MARC21/slim http://www.loc.gov/standards/marcxml/schema/MARC21slim.xsd"
    xmlns="http://www.loc.gov/MARC21/slim">

  <leader>01353namaa22003131i 4500</leader>
  <controlfield tag="005">20260302134128.0</controlfield>
  <controlfield tag="008">260215s1997    ua a|||frm||| 000 0 eng d</controlfield>
  <datafield tag="040" ind1=" " ind2=" ">
    <subfield code="a">EG-GICUC</subfield>
    <subfield code="b">eng</subfield>
    <subfield code="c">EG-GICUC</subfield>
    <subfield code="d">EG-GICUC</subfield>
    <subfield code="e">rda</subfield>
  </datafield>
  <datafield tag="041" ind1="0" ind2=" ">
    <subfield code="a">eng</subfield>
    <subfield code="b">eng</subfield>
    <subfield code="b">ara</subfield>
  </datafield>
  <datafield tag="049" ind1=" " ind2=" ">
    <subfield code="a">Deposit</subfield>
  </datafield>
  <datafield tag="097" ind1=" " ind2=" ">
    <subfield code="a">M.Sc</subfield>
  </datafield>
  <datafield tag="099" ind1=" " ind2=" ">
    <subfield code="a">Cai01.12.14.M.Sc.1997.Ma.S</subfield>
  </datafield>
  <datafield tag="100" ind1="0" ind2=" ">
    <subfield code="a">Mahmoud Mohamed Abd El-Azim, </subfield>
    <subfield code="e">preparation.</subfield>
  </datafield>
  <datafield tag="245" ind1="1" ind2="0">
    <subfield code="a">Survey And Control Of Some Fruit Tree Borers By Pheromone In Egypt / </subfield>
    <subfield code="c">By Mahmoud Mohamed Abd El-Azim; Supervision Committee Prof. Dr. Refaat Gharib Abou EL-Ela, Prof. Dr. AntoonT Wilson Tadros.</subfield>
  </datafield>
  <datafield tag="246" ind1="1" ind2="5">
    <subfield code="a">&#x62D;&#x635;&#x631; &#x648;&#x645;&#x643;&#x627;&#x641;&#x62D;&#x629; &#x628;&#x639;&#x636; &#x62D;&#x641;&#x627;&#x631;&#x627;&#x62A; &#x623;&#x634;&#x62C;&#x627;&#x631; &#x627;&#x644;&#x641;&#x627;&#x643;&#x647;&#x629; &#x628;&#x625;&#x633;&#x62A;&#x62E;&#x62F;&#x627;&#x645; &#x627;&#x644;&#x641;&#x631;&#x645;&#x648;&#x646;&#x627;&#x62A; &#x641;&#x64A; &#x645;&#x635;&#x631; </subfield>
  </datafield>
  <datafield tag="264" ind1=" " ind2="0">
    <subfield code="c">1997.</subfield>
  </datafield>
  <datafield tag="300" ind1=" " ind2=" ">
    <subfield code="a">177 pages : </subfield>
    <subfield code="b">illustrations ;</subfield>
    <subfield code="c">30 cm. + </subfield>
  </datafield>
  <datafield tag="336" ind1=" " ind2=" ">
    <subfield code="2">rda content</subfield>
    <subfield code="a">text</subfield>
  </datafield>
  <datafield tag="337" ind1=" " ind2=" ">
    <subfield code="2">rdamedia</subfield>
    <subfield code="a">Unmediated</subfield>
  </datafield>
  <datafield tag="338" ind1=" " ind2=" ">
    <subfield code="2">rdacarrier</subfield>
    <subfield code="a">volume</subfield>
  </datafield>
  <datafield tag="502" ind1=" " ind2=" ">
    <subfield code="a">Thesis (M.Sc.) -Cairo University, 1997. </subfield>
  </datafield>
  <datafield tag="504" ind1=" " ind2=" ">
    <subfield code="a">Bibliography: pages153-177.</subfield>
  </datafield>
  <datafield tag="653" ind1=" " ind2="0">
    <subfield code="a">Entomology </subfield>
  </datafield>
  <datafield tag="700" ind1="0" ind2=" ">
    <subfield code="a">Refaat Gharib Abou EL-Ela</subfield>
    <subfield code="e">thesis advisor.</subfield>
  </datafield>
  <datafield tag="700" ind1="0" ind2=" ">
    <subfield code="a">AntoonT Wilson Tadros</subfield>
    <subfield code="e">thesis advisor.</subfield>
  </datafield>
  <datafield tag="900" ind1=" " ind2=" ">
    <subfield code="D">Department of Entomology </subfield>
    <subfield code="F">Faculty of Science </subfield>
    <subfield code="U">Cairo University</subfield>
    <subfield code="b">1997</subfield>
    <subfield code="c">Refaat Gharib Abou EL-Ela</subfield>
    <subfield code="c">AntoonT Wilson Tadros</subfield>
  </datafield>
  <datafield tag="905" ind1=" " ind2=" ">
    <subfield code="a">Eman El gebaly </subfield>
    <subfield code="e">Nourhan</subfield>
  </datafield>
  <datafield tag="942" ind1=" " ind2=" ">
    <subfield code="2">ddc</subfield>
    <subfield code="c">TH</subfield>
    <subfield code="e">21</subfield>
    <subfield code="n">0</subfield>
  </datafield>
  <datafield tag="999" ind1=" " ind2=" ">
    <subfield code="c">178464</subfield>
  </datafield>
  <datafield tag="952" ind1=" " ind2=" ">
    <subfield code="2">ddc</subfield>
    <subfield code="9">314795</subfield>
    <subfield code="a">CUCL</subfield>
    <subfield code="b">100</subfield>
    <subfield code="d">2026-02-15</subfield>
    <subfield code="i">30626</subfield>
    <subfield code="o">Cai01.12.14.M.Sc.1997.Ma.S.</subfield>
    <subfield code="p">01010110030626000</subfield>
    <subfield code="r">2026-02-15 09:39:02</subfield>
    <subfield code="w">2026-02-15</subfield>
    <subfield code="y">TH</subfield>
  </datafield>
</record>
